000 nam a22 4500
999 _c9192
_d9192
008 180417b ||||| |||| 00| 0 eng d
245 _a7 dead, 30,000 rescued in Louisiana floods.
260 _aPhilippines
_bThe Philippine Star
_cc2016
300 _apage 16.
650 0 _927424
_aNatural disaster.
942 _2ddc
_cPER